书目信息 |
| 题名: |
学略
|
|
| 作者: | 刘咸炘 著 ;黄曙辉 编校 | |
| 分册: | ||
| 出版信息: | 上海 华东师范大学出版社 2009.09 |
|
| 页数: | 137页 | |
| 开本: | 19cm | |
| 丛书名: | 国学初阶 | |
| 单 册: | ||
| 中图分类: | Z126.27 | |
| 科图分类: | ||
| 主题词: | 国学--guo xue--研究--中国 | |
| 电子资源: | ||
| ISBN: | 978-7-5617-7174-7 | |
| 000 | 00867nam 2200277 450 | |
| 001 | 012010900253 | |
| 005 | 20100404090200.40 | |
| 010 | @a978-7-5617-7174-7@dCNY15.00 | |
| 100 | @a20100404d2009 em y0chiy0120 ea | |
| 101 | 0 | @achi |
| 102 | @aCN@b310000 | |
| 105 | @ay z 000yy | |
| 106 | @ar | |
| 200 | 1 | @a学略@Axue lue@f刘咸炘著@Fliu xian xin zhu@g黄曙辉编校@Ghuang shu hui bian xiao |
| 210 | @a上海@c华东师范大学出版社@d2009.09 | |
| 215 | @a137页@d19cm | |
| 225 | 2 | @a国学初阶@Aguo xue chu jie |
| 330 | @a本书以评论之体,寓目录之用,俾学者入一门则知一门之疆略概略。 | |
| 333 | @a本书适用于国学研究人员 | |
| 410 | 0 | @12001 @a国学初阶 |
| 606 | 0 | @a国学@Aguo xue@x研究@y中国 |
| 690 | @aZ126.27@v4 | |
| 701 | 0 | @a刘咸炘@Aliu xian xin@4著 |
| 702 | 0 | @a黄曙辉@Ahuang shu hui@4编校 |
| 801 | 0 | @aCN@bQSSK@c20100404 |
| 905 | @b773156-58@dZ126.27@eL697@f3 | |
| 学略/刘咸炘著/黄曙辉编校.-上海:华东师范大学出版社,2009.09 |
| 137页;19cm.-(国学初阶) |
| 使用对象:本书适用于国学研究人员 |
| ISBN 978-7-5617-7174-7:CNY15.00 |
| 本书以评论之体,寓目录之用,俾学者入一门则知一门之疆略概略。 |
| ● |
| 相关链接 |
|
|
|
正题名:学略
索取号:Z126.27/L697
 
预约/预借
| 序号 | 登录号 | 条形码 | 馆藏地/架位号 | 状态 | 备注 |
| 1 | 773156 | 207731560 | 自科二线504/504自科库 24排2列6层/ [索取号:Z126.27/L697] | 在馆 | |
| 2 | 773157 | 207731579 | 自科二线504/504自科库 24排2列6层/ [索取号:Z126.27/L697] | 在馆 | |
| 3 | 773158 | 207731588 | 自科二线504/504自科库 24排2列6层/ [索取号:Z126.27/L697] | 在馆 |